The Office Characters (US) Quiz Stats

Quiz Updated Aug 27, 2012

Challenge
Share
Tweet
Score 0/40 Timer 07:00
7 Plays Today
Number Character % Correct
2Dwight Schrute
98.8%
1Michael Scott
98.6%
4Pam Halpert
98%
3Jim Halpert
97.8%
6Andrew Bernard
90.6%
8Angela Martin
89.4%
5Ryan Howard
89.2%
14Oscar Martinez
87.2%
9Creed Bratton
86.8%
10Kevin Malone
86.3%
15Toby Flenderson
85.6%
7Kelly Kapoor
85.1%
13Stanley Hudson
85%
11Phyllis Lapin Vance
80.5%
12Meredith Palmer
79.7%
19Jan Levinson
75.8%
16Kelly 'Erin' Hannon
72.6%
21Holly Flax
68.7%
17Darryl Philbin
64%
22Roy Anderson
62.3%
Number Character % Correct
24Cousin Mose
61.2%
18Karen Filippelli
59.7%
20David Wallace
57.7%
25Bob Vance, Vance Refrigeration
55.4%
32Todd Packer
50.5%
40Gabe Lewis
44.4%
23Carol Stills
36.2%
39Jo Bennett
33%
33Charles Miner
28.4%
36Hank Tate
22.3%
30Tony Gardner
19.6%
35Mr. Brown
18.5%
34Josh Porter
16%
31Martin Nash
13.5%
26Uncle Al
10.8%
27Melissa Hudson
10.7%
38Sylvia 'Meemaw' Beesly
9%
28Gil
8.3%
29Hannah Smoterich-Barr
6.6%
37Sensei Ira
4.1%

You're not logged in!

Compare scores with friends on all Sporcle quizzes.
Sign Up with Email
OR
Log In

You Might Also Like...

Show Comments

Extras

Top Quizzes Today


Score Distribution

Your Account Isn't Verified!

In order to create a playlist on Sporcle, you need to verify the email address you used during registration. Go to your Sporcle Settings to finish the process.